| 000 | 01029nam a22002537a 4500 | ||
|---|---|---|---|
| 005 | 20170124103037.0 | ||
| 010 | _aA-733087 | ||
| 020 |
_c60.00 _a8174080090 |
||
| 035 | _aA-733087 | ||
| 037 | _bCen Lib/Ret | ||
| 040 |
_aDPL _bHN |
||
| 082 |
_aक _bभट्टक |
||
| 100 |
_aभट्ट कमल, कमलेश _948572 |
||
| 245 |
_aचिटठी आई है / _cकमलेश भट्ट कमल |
||
| 246 |
_aChitthi ayi hai / _bby Kamlesh Bhatt Kamal |
||
| 260 |
_aनयी दिल्ली _bअयन प्रकाशन _c1995 |
||
| 270 |
_bनयी दिल्ली _a1619/6 बी, उल्धंपुर नवीन शाहदरा _e110032 |
||
| 300 |
_a135p. _c16cm(सजिल्द) |
||
| 650 |
_aहिंदी साहित्य _965686 |
||
| 650 |
_aहिंदी साहित्य _xकहानियां _965687 |
||
| 650 |
_aHindi literature _965688 |
||
| 650 |
_aHindi literature _xstories _965689 |
||
| 942 |
_2ddc _cHN _hक _mभट्टक |
||
| 999 |
_c116273 _d116273 |
||